=LDR 00000nam 2200000 4500 =001 000217 =005 20250710113245 =035 ##$$a 0010-0725000026 =245 1#$$a Daun-Daun Istimewa =100 #$$a Saptorini =250 ##$$a Cetakan Kedua =300 ##$$a 28 hlm. : $b Ilus. ; $c 29,7 cm. =856 ##$$a TBM AS SUHADA =260 ##$$a Rawamangun =082 ##$$a 398.209.598 =084 ##$$a 398.209.598 SAP d =020 ##$$a 978-623-307-189-5 =650 #4$$a Cerita Anak Indonesia - Terjemahan =650 #4$$a Literasi - Bahan bacaan